000 00373 a2200157 4500
001 158743
020 _a
040 _cMagnum
100 _aNewson, Lelsey
240 1 0 _aMinha primeira enciclopedia - meu primeiro atlas
_lpor
245 1 0 _aMinha primeira enciclopedia - meu primeiro atlas
362 0 _a1899
440 1 _aFTD
697 _aENCICLOPEDIAS
942 _cBK
999 _c158743
_d158743